Welcome to the Holygrace Academy Library

Please use search bar below to get started

THE GREAT DERANGEMENT (Record no. 3127)

MARC details
000 -LEADER
fixed length control field 00333nam a22001337a 4500
020 ## - INTERNATIONAL STANDARD BOOK NUMBER
ISBN 978-0-143-42906-7
082 ## - DEWEY DECIMAL CLASSIFICATION NUMBER
Classification number 823
Item number GHO/G
100 ## - MAIN ENTRY--AUTHOR NAME
Personal name GHOSH, AMITAV
245 ## - TITLE STATEMENT
Title THE GREAT DERANGEMENT
Remainder of title CLIMATE CHANGE AND THE UNHINKABLE
260 ## - PUBLICATION, DISTRIBUTION, ETC. (IMPRINT)
Place of publication NEW YORK
Name of publisher PENGUIN BOOKS
300 ## - PHYSICAL DESCRIPTION
Number of Pages 274
650 ## - SUBJECT ADDED ENTRY--TOPICAL TERM
Topical Term NOVEL
Geographic subdivision UNITED STATES
942 ## - ADDED ENTRY ELEMENTS (KOHA)
Koha item type Books
Holdings
Withdrawn status Lost status Collection code Home library Current library Shelving location Date acquired Source of acquisition Full call number Accession Number Koha item type
    Fiction Main Library Main Library SHELF-14E- ALPHABETICAL -E,F,G --ENGLISH NOVELS & FICTIONS 23/01/2019 purchase 823 GHO/G 10582 Books